00351nam a2200145Ia 4500008004100000020001500041082001800056100001300074245003800087250000600125260002800131300001000159500002400169650001200193230524s9999 xx 000 0 und d a8185749162 a620.0042bGIL aP.S.Gill 0aEngineering Graphics and Drafting a1 aNew DelhibKaraiac2008 a830p; aQuantity Number: 1 aComp-Sc